000
00284nam a22001337a 4500
008
170420b xxu||||| |||| 00| 0 eng d
020
_a
9780878932191
041
_a
eng
080
_2
4TH
_a
573
100
_a
11
101
_a
SHM
245
_a
THE CELL
_c
COOPER, G.M
942
_2
udc
_c
BK
999
_c
11323
_d
11323